Systems Analysis and Design

Throughout the book, real-world case studies emphasize critical thinking and IT skills in a dynamic, business-related environment. Numerous projects, assignments, and end-of-chapter exercises, accessible only in CourseMate, provide hands-on practice. The new Tenth Edition will help prepare you for s...

全面介紹

Đã lưu trong:
書目詳細資料
主要作者: Rosenblatt, Harry
格式: 圖書
語言:Undetermined
出版: Australia Cengage Learning 2014
主題:
標簽: 添加標簽
沒有標簽, 成為第一個標記此記錄!
Thư viện lưu trữ: Trung tâm Học liệu Trường Đại học Cần Thơ
LEADER 01214nam a2200205Ia 4500
001 CTU_207470
008 210402s9999 xx 000 0 und d
020 |c 846000 
082 |a 004.21 
082 |b R813 
100 |a Rosenblatt, Harry 
245 0 |a Systems Analysis and Design 
245 0 |c Harry J. Rosenblatt 
260 |a Australia 
260 |b Cengage Learning 
260 |c 2014 
520 |a Throughout the book, real-world case studies emphasize critical thinking and IT skills in a dynamic, business-related environment. Numerous projects, assignments, and end-of-chapter exercises, accessible only in CourseMate, provide hands-on practice. The new Tenth Edition will help prepare you for success in today's intensely competitive business world. CourseMate includes an integrated e-book, interactive activities and quizzes as well as the brand new Engagement Tracker feature. In addition, CourseMate is the only place to gain access to the SCR case study. 
650 |a Phân tích hệ thống,Thiết kế hệ thống,Systems analysis,Management information,Systems design,Quản lý thông tin 
904 |i Tuyến 
980 |a Trung tâm Học liệu Trường Đại học Cần Thơ